| 000 | 01484nac a22003131u 4500 | ||
|---|---|---|---|
| 010 | _a2003015737 | ||
| 020 | _a157230961X (pbk. : alk. paper) | ||
| 020 | _a1572309628 (hard) | ||
| 082 | 0 | 0 |
_a370.117 _bB7894 |
| 090 |
_c1470 _d1470 |
||
| 100 | _a20080729 | ||
| 245 | 0 | 0 |
_aMulticultural and multilingual literacy and language : _bcontexts and practices / _cedited by Fenice B. Boyd and Cynthia H. Brock with Mary S. Rozendal ; foreword by Lisa Delpit. |
| 260 |
_aNew York : _bGuilford Press, _cc2004. |
||
| 300 |
_axiv, 338 p. : _bill. ; _c23 cm. |
||
| 440 | 0 | _aSolving problems in the teaching of literacy | |
| 504 | _aIncludes bibliographical references and index. | ||
| 650 | 0 |
_aLiteracy _xSocial aspects _zUnited States. |
|
| 650 | 0 |
_aLanguage arts _xSocial aspects _zUnited States. |
|
| 650 | 0 |
_aSociolinguistics _zUnited States. |
|
| 650 | 0 |
_aMulticultural education _zUnited States. |
|
| 700 | 1 | _aBoyd, Fenice B. | |
| 700 | 1 | _aBrock, Cynthia H. | |
| 700 | 1 | _aRozendal, Mary S. | |
| 856 | 4 | 2 |
_3Contributor biographical information _uhttp://www.loc.gov/catdir/bios/guilford051/2003015737.html |
| 856 | 4 | 2 |
_3Publisher description _uhttp://www.loc.gov/catdir/description/guilford051/2003015737.html |
| 856 | 4 | 2 |
_3Table of contents _uhttp://www.loc.gov/catdir/toc/ecip046/2003015737.html |
| 942 |
_cBB _k370.117B7894 |
||
| 999 |
_c1470 _d1470 |
||